| 000 | 01244nam a2200277 i 4500 | ||
|---|---|---|---|
| 001 | 160196 | ||
| 003 | ES-MaACL | ||
| 005 | 20250806025305.0 | ||
| 008 | 990428s1877 sp |||| | spa d | ||
| 100 | 1 |
_aMoreno Nieto, José, _d1825-1882 _983416 |
|
| 245 | 1 | 0 | _aDiscurso pronunciado por el Ilmo. Señor José Moreno Nieto el día 8 de noviembre de 1877 en el Ateneo Científico y Literario de Madrid, con motivo de la apertura de sus cátedras. |
| 260 |
_aMadrid : _bEmpresa del Boletín Oficial del Ateneo, _c1877 ( _fTip. Estereotipia Perojo) |
||
| 300 |
_a39 p. ; _c26 cm. |
||
| 510 | 4 |
_aPalau, _c182255 |
|
| 530 | _aDisponible en formato digital. | ||
| 594 | _aTema del discurso: El cristianismo. | ||
| 597 | _aAntep. | ||
| 610 | 2 | 4 |
_aAteneo de Madrid- _vDiscursos de apertura- _yS.XIX. _91912 |
| 650 | 0 | 7 |
_aReligión y filosofía _2embne _916811 |
| 650 | 4 |
_aFe y razón. _9146736 |
|
| 650 | 0 | 7 |
_aCristianismo _2embne _911425 |
| 710 | 2 |
_aEmpresa del Boletín Oficial del Ateneo. _9171318 |
|
| 852 |
_aES-MaACL _jT-242-F-1 _z- Enc. hol. _q- Falto de cub. original _z- Enc. en un vol. facticio |
||
| 856 |
_uhttp://bdh-rd.bne.es/viewer.vm?id=0000110016&page=1 _zBiblioteca Digital Hispánica |
||
| 999 |
_c160196 _d160196 |
||